طوق الحمامة في الالفة والالاف

محفوظ في:

المؤلف الرئيسي: Ali bin Ahmed bin Hazm.

مؤلفون آخرون: Hassan Kamel Al-Sayrafi, Ibrahim Al-AbIary.

التنسيق: كتاب

اللغة: Undetermined

منشور في: Miṣr : almaktabat altijariat alkubraa, 1967.

الوسوم: إضافة وسم

لا توجد وسوم, كن أول من يضع وسما على هذه التسجيلة!

رقم الطلب: HQ19 .I2 1967

LEADER 00446nam a2200133Ia 4500
008 240329s9999||||xx |||||||||||||| ||und||
050 4 |a HQ19 .I2 1967 
100 1 |a Ali bin Ahmed bin Hazm. 
245 1 0 |a طوق الحمامة في الالفة والالاف  |c Ali bin Ahmed bin Hazm 
264 1 |a Miṣr :  |b almaktabat altijariat alkubraa,  |c 1967. 
300 |a 168  |c 25 
700 1 |a Hassan Kamel Al-Sayrafi, Ibrahim Al-AbIary. 
942 |2 lcc  |c BK 
999 |c 57826  |d 57826